000 02135cam a2200217 a 4500
999 _c7488
_d7488
020 _a007297611X (alk. paper)
020 _a9780072976113
050 0 0 _aKF889
_b.B28
100 1 _aBarnes, A. James.
245 1 0 _aLaw for business /
_cA. James Barnes, Terry Morehead Dworkin, Eric L. Richards.
250 _a9th ed.
260 _aNew York, NY :
_bMcGraw-Hill/Irwin,
_cc2006.
300 _axxxiii, 1006 p. :
_bill., forms ;
_c26 cm.
500 _aIncludes index.
505 _a Law legal reasoning and the legal profession -- Dispute settlement -- Business ethics and corporate social responsibility -- Business and the constitution -- Crimes -- Intentionala torts -- Negligence and strict liability -- The nature and origins of contracts -- Creating a contract: offers -- Creating a contract: acceptances -- Consideration -- Capacity to contract -- Voluntary consent -- Illegality -- The form and meaning of contracts -- Third parties' contract rights -- Performance and remedies -- Formation and terms of sales contracts -- Warranties and product liability -- Performance of sales contracts -- Remedies for breach of sales contracts -- The agency relationship -- creation, duties, and termination -- Liability of principals and agents to third parties -- Employment laws -- Which form of business organization -- Partnerships -- Formation and termination of corporations -- Management of the corporate business -- Financing the corporation and the role of the shareholders -- Securities regulation -- Legal liability of accountants -- Personal property and bailments -- Real property -- Landlord and tenant -- Estates and trusts -- Insurance -- Negotiable instruments -- Negotiation and holder in due course -- Liability of parties -- Checks and electronic fund transfers -- Introduction to security -- Security interests in personal property -- Bankruptcy -- The antitrust laws -- Consumer protection laws -- Environmental regulation.
650 0 _aCommercial law
650 0 _aTrade regulation
700 1 _aDworkin, Terry Morehead.
700 1 _aRichards, Eric L.
942 _cBK